Warenverluste und ihre Verhütung Unterauchungen über die Warenverluste anlässlich einer Forschungsreise in das Rote Meer

Enregistré dans:
Détails bibliographiques
Auteur principal: Grundke, Günter
Format: Livre
Langue:allemand
Publié: Leipzig VEB Fachbuchverlag 1962
Tags: Ajouter un tag
Pas de tags, Soyez le premier à ajouter un tag!

MARC

LEADER 00000nam a2200000 4500
001 c122778
005 20221207071351.0
041 0 |a ger 
044 |a DE 
245 1 0 |a Warenverluste und ihre Verhütung  |b Unterauchungen über die Warenverluste anlässlich einer Forschungsreise in das Rote Meer  |c Günter Grundke 
264 1 |a Leipzig  |b VEB Fachbuchverlag  |c 1962 
300 |a 156 s. 
100 1 |a Grundke, Günter